000
00318nam a2200133Ia 4500
003
Ost
005
20260225132538.0
008
260225s9999||||xx |||||||||||||| ||und||
040
_c
fsic
041
_a
fre
082
_a
302
245
0
_a
Guide du voyageur perdu dans l'ideale des relations humaines /
942
_c
كتاب
999
_c
33332
_d
33332